000
00292pab a2200121 454500
008
180718b xxu||||| |||| 00| 0 eng d
100
_a
Kapoor H.L.
245
_a
Delhi police reminiscences
362
_a
31 Dec 93, p.4
650
_a
Police -- India -- Delhi
773
_a
Patriot
909
_a
25846
999
_c
25846
_d
25846